<?xml version="1.0" encoding="UTF-8"?>
<record
    xmlns:xsi="http://www.w3.org/2001/XMLSchema-instance"
    xsi:schemaLocation="http://www.loc.gov/MARC21/slim http://www.loc.gov/standards/marcxml/schema/MARC21slim.xsd"
    xmlns="http://www.loc.gov/MARC21/slim">

  <leader>00779nam a2200157 a 4500</leader>
  <controlfield tag="008">120416s1952    xx |||||||||||||| ||    u</controlfield>
  <datafield tag="050" ind1=" " ind2=" ">
    <subfield code="a">NA 200 Ric</subfield>
  </datafield>
  <datafield tag="100" ind1=" " ind2=" ">
    <subfield code="a">Richardson, Albert Edward, Sir</subfield>
  </datafield>
  <datafield tag="245" ind1="1" ind2="4">
    <subfield code="a">The art of architecture</subfield>
  </datafield>
  <datafield tag="250" ind1=" " ind2=" ">
    <subfield code="a">[3rd ed.]</subfield>
  </datafield>
  <datafield tag="260" ind1=" " ind2=" ">
    <subfield code="c">1952</subfield>
  </datafield>
  <datafield tag="350" ind1=" " ind2=" ">
    <subfield code="a">0.00</subfield>
  </datafield>
  <datafield tag="995" ind1=" " ind2=" ">
    <subfield code="a">ANNEX COLLECTION (Main Library)</subfield>
    <subfield code="D">0.00</subfield>
    <subfield code="e">717167</subfield>
    <subfield code="F">CBU-MAIN LIBRARY (Kitwe)</subfield>
    <subfield code="H">1</subfield>
    <subfield code="I">0.00</subfield>
    <subfield code="j">NA 200 Ric</subfield>
    <subfield code="M">1</subfield>
    <subfield code="U">AVAILABLE</subfield>
    <subfield code="W">Sep 19, 2006</subfield>
    <subfield code="y">021975</subfield>
    <subfield code="Z">Annex Low-Usage Collection </subfield>
  </datafield>
  <datafield tag="995" ind1=" " ind2=" ">
    <subfield code="a">BINDERY (DAMAGED)</subfield>
    <subfield code="D">0.00</subfield>
    <subfield code="e">717167</subfield>
    <subfield code="F">CBU-MAIN LIBRARY (Kitwe)</subfield>
    <subfield code="H">1</subfield>
    <subfield code="I">33.00</subfield>
    <subfield code="j">NA 200 Ric</subfield>
    <subfield code="M">2</subfield>
    <subfield code="U">DAMAGED</subfield>
    <subfield code="y">717167</subfield>
    <subfield code="Z">Main Library Open Access Collection</subfield>
  </datafield>
  <datafield tag="995" ind1=" " ind2=" ">
    <subfield code="a">BINDERY (DAMAGED)</subfield>
    <subfield code="D">0.00</subfield>
    <subfield code="e">711436</subfield>
    <subfield code="F">CBU-MAIN LIBRARY (Kitwe)</subfield>
    <subfield code="H">1</subfield>
    <subfield code="I">0.00</subfield>
    <subfield code="j">NA 200 Ric</subfield>
    <subfield code="U">DAMAGED</subfield>
    <subfield code="W">Jun 3, 2009</subfield>
    <subfield code="y">711436</subfield>
    <subfield code="Z">Main Library Open Access Collection</subfield>
  </datafield>
  <datafield tag="999" ind1=" " ind2=" ">
    <subfield code="c">84370</subfield>
    <subfield code="d">84370</subfield>
  </datafield>
  <datafield tag="952" ind1=" " ind2=" ">
    <subfield code="0">0</subfield>
    <subfield code="1">0</subfield>
    <subfield code="2">lcc</subfield>
    <subfield code="4">0</subfield>
    <subfield code="7">0</subfield>
    <subfield code="a">001</subfield>
    <subfield code="b">001</subfield>
    <subfield code="c">Annex Low-Usage Collection</subfield>
    <subfield code="d">2024-01-25</subfield>
    <subfield code="l">0</subfield>
    <subfield code="o">NA 200 Ric</subfield>
    <subfield code="p">021975</subfield>
    <subfield code="r">2024-01-25</subfield>
    <subfield code="t">1</subfield>
    <subfield code="w">2024-01-25</subfield>
    <subfield code="y">002</subfield>
  </datafield>
  <datafield tag="952" ind1=" " ind2=" ">
    <subfield code="0">0</subfield>
    <subfield code="1">0</subfield>
    <subfield code="2">lcc</subfield>
    <subfield code="4">0</subfield>
    <subfield code="7">0</subfield>
    <subfield code="a">001</subfield>
    <subfield code="b">001</subfield>
    <subfield code="c">Main Library Open Access Collection</subfield>
    <subfield code="d">2024-01-25</subfield>
    <subfield code="l">0</subfield>
    <subfield code="o">NA 200 Ric</subfield>
    <subfield code="p">717167</subfield>
    <subfield code="r">2024-01-25</subfield>
    <subfield code="t">2</subfield>
    <subfield code="w">2024-01-25</subfield>
    <subfield code="y">002</subfield>
  </datafield>
  <datafield tag="952" ind1=" " ind2=" ">
    <subfield code="0">0</subfield>
    <subfield code="1">0</subfield>
    <subfield code="2">lcc</subfield>
    <subfield code="4">0</subfield>
    <subfield code="7">0</subfield>
    <subfield code="a">001</subfield>
    <subfield code="b">001</subfield>
    <subfield code="c">Main Library Open Access Collection</subfield>
    <subfield code="d">2024-01-25</subfield>
    <subfield code="l">0</subfield>
    <subfield code="o">NA 200 Ric</subfield>
    <subfield code="p">711436</subfield>
    <subfield code="r">2024-01-25</subfield>
    <subfield code="t">3</subfield>
    <subfield code="w">2024-01-25</subfield>
    <subfield code="y">002</subfield>
  </datafield>
</record>
